Città con gli Edifici più alti - Giappone - Statistics

Statistiche generali
  • Questo quiz è stato fatto 19 volte
  • Il punteggio medio è 7 su 10
Statistiche sulle risposte
Edificio Altezza (m) Città % Corretto
Azabudai Hills Mori JP Tower 325,5 Tokyo
100%
Toranomon Hills Mori Tower 255 Tokyo
100%
Midtown Tower 248 Tokyo
100%
Palazzo del governo metropolitano di Tokyo 243 Tokyo
100%
Abeno Harukas 300 Osaka
94%
Osaka Prefectural Government Sakishima Building 256 Osaka
94%
Midland Square 247 Nagoya
56%
JR Central Office Tower 245 Nagoya
56%
Rinku Gate Tower Building 256 Izumisano
0%
Yokohama Landmark Tower 296 Tokohama
0%
Nessun quiz corrispondente trovato
Distribuzione punteggi
Percentuale di utenti per punteggio
Percentile per numero di risposta
I tuoi punteggi nel tempo
Non hai fatto questo quiz